000 00909cab a2200277 4500
001 ABS56060
008 090401t1996 xxu||||| |||| 00| 0 eng d
035 _a(Sirsi) u20797
041 _aeng
100 _aRode, E.
245 4 _aThe state of the property market
260 _c1996
350 _a0
490 _aSouth African Valuer
_v(47) October 1996, 12-13(2)
520 _aLooks at the office, industrial, retail and residential property markets in South Africa.
650 _aHOUSING MARKET
650 _aINDUSTRIAL MARKET
650 _aPROPERTY CYCLES
650 _aPROPERTY-COMMERCIAL PROPERTY-RETAIL PROPERTY-RETAIL PROPERTY MARKET
650 _aSOUTH AFRICA
690 _aPROPERTY-COMMERCIAL PROPERTY-COMMERCIAL PROPERTY MARKET
690 _aPROPERTY-RESIDENTIAL PROPERTY-RESIDENTIAL PROPERTY MARKET
690 _aOVERSEAS-REST OF THE WORLD
942 _n0
948 _c04/03/1997
999 _c13937
_d13937